Conditionalities and market reforms : (Record no. 3589)

MARC details
000 -LEADER
fixed length control field 01054cam a2200313 a 4500
001 - CONTROL NUMBER
control field 11991459
003 - CONTROL NUMBER IDENTIFIER
control field OSt
005 - DATE AND TIME OF LATEST TRANSACTION
control field 20230704091056.0
008 - FIXED-LENGTH DATA ELEMENTS--GENERAL INFORMATION
fixed length control field 991210s1998 ke b 000 0 eng
010 ## - LIBRARY OF CONGRESS CONTROL NUMBER
LC control number 99893568
020 ## - INTERNATIONAL STANDARD BOOK NUMBER
International Standard Book Number 9966996710
035 ## - SYSTEM CONTROL NUMBER
System control number (DLC) 99893568
040 ## - CATALOGING SOURCE
Original cataloging agency DLC
Transcribing agency DLC
042 ## - AUTHENTICATION CODE
Authentication code lcode
043 ## - GEOGRAPHIC AREA CODE
Geographic area code f-ke---
082 ## - DEWEY DECIMAL CLASSIFICATION NUMBER
Classification number 338.967
Item number KIM
100 1# - MAIN ENTRY--PERSONAL NAME
Personal name Kimuyu, Peter.
245 10 - TITLE STATEMENT
Title Conditionalities and market reforms :
Remainder of title what Kenya's fertilizer market reveals /
Statement of responsibility, etc. Peter Kimuyu.
260 ## - PUBLICATION, DISTRIBUTION, ETC. (IMPRINT)
Place of publication, distribution, etc. Nairobi, Kenya :
Name of publisher, distributor, etc. Institute of Policy Analysis and Research,
Date of publication, distribution, etc. c1998.
300 ## - PHYSICAL DESCRIPTION
Extent 26 p. ;
Dimensions 26 cm.
490 1# - SERIES STATEMENT
Series statement Occasional paper ;
Volume/sequential designation no. OP/03/1998
500 ## - GENERAL NOTE
General note "September, 1998."
504 ## - BIBLIOGRAPHY, ETC. NOTE
Bibliography, etc Includes bibliographical references (p. 26).
650 #0 - SUBJECT ADDED ENTRY--TOPICAL TERM
Topical term or geographic name as entry element Fertilizer industry
Geographic subdivision Kenya.
830 #0 - SERIES ADDED ENTRY--UNIFORM TITLE
Uniform title IPAR occasional paper series ;
Volume number/sequential designation no. OP/98/03.
906 ## - LOCAL DATA ELEMENT F, LDF (RLIN)
a 7
b cbc
c origode
d 3
e ncip
f 19
g y-gencatlg
942 ## - ADDED ENTRY ELEMENTS (KOHA)
Source of classification or shelving scheme Dewey Decimal Classification
Koha item type Books
Holdings
Withdrawn status Lost status Source of classification or shelving scheme Damaged status Not for loan Home library Current library Date acquired Total Checkouts Full call number Barcode Date last seen Price effective from Koha item type
    Dewey Decimal Classification     County Hall Archives County Hall Archives 07/04/2023   338.967 KIM 10011708 07/04/2023 07/04/2023 Books
LIBRARY OPENING HOURS

When the Parliament is sitting: 8.00a.m - 7.00p.m or until the house adjourns
Mondays and Fridays and when the House is on Recess:  8.00a.m - 5.00p.m
Closed on Weekends and Public Holidays

Online Public Access Catalog (OPAC)
Website: http://www.parliament.go.ke
Bunge Library: https://libraryir.parliament.go.ke
Contact: library@parliament.go.ke | Tel no: (254-2)2221291 or 2848000 Ext 5043